Представление документа в формате MARC21

Поле Инд. ПП Название Значение
Тип записи a
Библиографический уровень m
001 Контрольный номер 185bddeb-af4c-11da-b02a-008048b56a28
005 Дата корректировки 20140703143021.4
008 Кодируемые данные 060309
020 a ISBN 5-484-00336-9
c Цена, тираж 230.00
040 a Служба первич. каталог. НБ ТвГУ
041 a Код языка текста rus
080 a Индекс УДК 517
084 a Индекс другой классификации/Индекс ББК В161
090 x Авторский знак Х20
a Полочн. индекс В161
100 1_ a Автор Харди Годфри Гарольд
d Дата 1877-1947
245 10 a Заглавие Курс чистой математики
c Ответственность Г. Г. Харди ; пер. с англ. В. И. Левина
250 a Основные сведения об издании Изд. 2-е, стер.
260 0_ a Место издания Москва
b Издательство URSS
b Издательство КомКнига
c Дата издания 2006
300 a Объем 512 с.
b Иллюстрации/ тип воспроизводства ил.
500 a Примечание Перевод изд.: A course of pure mathematics / G. H. Hardy.
504 a Библиография Библиогр. в подстроч. примеч.
583 a Действие Получение впервые 71 03.03.2006
k Исполнитель действия Дар ООО"Книжный мир"
650 a Основная рубрика Математический анализ
653 a Ключевые слова Математический анализ
700 1_ a Другие авторы Левин В. И.
e Роль лиц пер.
852 t Порядковый номер экземпляра 1
p Инвентарный номер 834995
863 t 00112215
888 a Бесплатные
952 p 71.2006 230.00 1 834995
c Вид литературы К ру
954 a Дата поступления на обработку 20060327
999 a Подразделение 2 Фил3